Focus (Record no. 79068)

MARC details
000 -LEADER
fixed length control field 01156cab a22002055a 4500
001 - CONTROL NUMBER
control field L139719
008 - FIXED-LENGTH DATA ELEMENTS--GENERAL INFORMATION
fixed length control field 070806e20070804xxkao f 000 0 eng d
035 ## - SYSTEM CONTROL NUMBER
System control number (Sirsi) u139719
041 0# - LANGUAGE CODE
Language code of text/sound track or separate title eng
100 1# - MAIN ENTRY--PERSONAL NAME
Personal name Pilkington, Lisa
245 00 - TITLE STATEMENT
Title Focus
Remainder of title Isle of Man and Channel Islands
260 ## - PUBLICATION, DISTRIBUTION, ETC.
Date of publication, distribution, etc. 2007
490 ## - SERIES STATEMENT
Series statement Estates Gazette
Volume/sequential designation (0731) 4 August 2007, 61-71(8)
520 ## - SUMMARY, ETC.
Summary, etc. Reports on progress at St Helier's major waterfront redevelopment. Progress has been slow, and not all planning has been approved. There is concern over retail provision. The mixed-use Castle Quay scheme is moving forward, with work about to start. Guernsey is to adopt "Zero 10" from 2008, a tax scheme which exempts most business profits. There are concerns it will shift the tax burden without improving business. The Isle of Man strategic plan encourages out-of-town commercial development in Douglas and the building of some 6 000 homes. It is criticised as poorly thought out and environmentally unfriendly.
590 ## - LOCAL NOTE (RLIN)
Local note KA
690 ## - LOCAL SUBJECT ADDED ENTRY--TOPICAL TERM (OCLC, RLIN)
Topical term or geographic name as entry element PROPERTY-COMMERCIAL PROPERTY-COMMERCIAL PROPERTY MARKET
700 1# - ADDED ENTRY--PERSONAL NAME
Personal name Cunningham, Daniel
700 1# - ADDED ENTRY--PERSONAL NAME
Personal name Thame, David
942 ## - ADDED ENTRY ELEMENTS (KOHA)
Suppress in OPAC 0
Holdings
Withdrawn status Lost status Source of classification or shelving scheme Damaged status Not for loan Home library Current library Shelving location Date acquired Total Checkouts Full call number Barcode Date last seen Copy number Price effective from Koha item type
    Dewey Decimal Classification     London London Journal article 06/08/2007   L139719 139719-1001 06/08/2019 1 06/08/2019 Journal article